| 000 | 00444nam a2200169Ia 4500 | ||
|---|---|---|---|
| 005 | 20250428150821.0 | ||
| 008 | 231217s9999 xx 000 0 und d | ||
| 020 | _a9780495013396 | ||
| 082 | _a658.8 KEL;1 R | ||
| 100 | _aKeller, Gerald. | ||
| 245 | 0 | _aStatistics for management and economics | |
| 250 | _a7th ed. | ||
| 260 |
_c2005 _bThomson _aAustralia |
||
| 300 | _axx+848 | ||
| 650 | _aStatistics,management,economics | ||
| 942 | _cAA | ||
| 999 |
_c182094 _d182094 |
||